[Event "Aegean Open"]
[Site "Agios Kirykos GRE"]
[Date "2004.07.15"]
[Round "4"]
[White "Valden,P"]
[Black "Frhat,A"]
[Result "1/2-1/2"]
[WhiteElo "2192"]
[BlackElo "2310"]

1.c4 c6 2.d4 d5 3.Nf3 Nf6 4.e3 e6 5.Nbd2 Nbd7 6.Bd3 Bd6 7.O-O O-O 8.e4 e5
9.cxd5 cxd5 10.exd5 exd4 11.Nxd4 Ne5 12.Be2 a6 13.N4f3 Nxd5 14.Ne4 Bc7 15.Nxe5 Bxe5
16.Bf3 Nb4 17.Qxd8 Rxd8 18.Nc3 Be6 19.Bxb7 Rab8 20.Be4 Nd3 21.Rd1 Nc5 22.Rxd8+ Rxd8
23.Bc2 Nd3 24.Bxd3 Rxd3 25.Be3 f5 26.Re1 Kf7 27.a3 Bb3 28.g3 h6 29.h4 Bf6
30.Re2 Bxc3 31.bxc3 Rd1+ 32.Kg2 Bd5+ 33.f3 Rd3  1/2-1/2

[Event "Canadian Open"]
[Site "Kapuskasing CAN"]
[Date "2004.07.15"]
[Round "7"]
[White "Fridman,D2"]
[Black "Jonkman,H"]
[Result "1-0"]
[WhiteElo "2594"]
[BlackElo "2425"]

1.c4 c6 2.Nf3 d5 3.d4 e6 4.e3 Nf6 5.Nbd2 Nbd7 6.Bd3 Bd6 7.O-O O-O 8.e4 e5
9.cxd5 cxd5 10.exd5 exd4 11.Nc4 Nc5 12.Nxd6 Qxd6 13.Bc4 d3 14.b4 Na6 15.a3 Bf5
16.Bb2 Nxd5 17.Nd4 Bg6 18.Bxd3 Nf4 19.Bxg6 fxg6 20.Qb3+ Qd5 21.Qxd5+ Nxd5
22.Ne6 Rf7 23.Rfd1 Nac7 24.Nc5 b5 25.Rac1 Re7 26.Na6 Rf8 27.Nxc7 Nxc7 28.Bd4 Ne6
29.Be3 Kf7 30.Rc6 Rb8 31.h4 Rbb7 32.Rd5 Nc7 33.Rdd6 Ne8 34.Rd8 Nf6 35.Bc5 Re8
36.Rxe8 Nxe8 37.Ra6 Nc7 38.Ra5 a6 39.Bd6 Ra7 40.Bxc7 Rxc7 41.Rxa6 Rc1+ 42.Kh2 Rc3
43.Ra5 Ke6 44.f3 Rd3 45.Kg3 Rd5 46.Kf4 h5 47.Ra7 Rf5+ 48.Ke4 Re5+ 49.Kd3 Rd5+
50.Kc3 Kf6 51.Ra6+ Kf5 52.Rc6  1-0

[Event "ACT Open"]
[Site "Amsterdam NED"]
[Date "2004.07.17"]
[Round "1"]
[White "Lobron,E"]
[Black "Slingerland,F"]
[Result "1-0"]
[WhiteElo "2493"]
[BlackElo "2252"]

1.c4 c6 2.d4 d5 3.Nf3 Nf6 4.e3 e6 5.Nbd2 Nbd7 6.b3 Bd6 7.Bb2 O-O 8.Bd3 Qe7
9.Ne5 Ne8 10.Qc2 h6 11.O-O Nxe5 12.dxe5 Bc5 13.Kh1 b6 14.a3 a5 15.e4 dxc4
16.Nxc4 Ba6 17.f4 Nc7 18.f5 Rfd8 19.Rf3 Qd7 20.Nd6 Bxd3 21.Rxd3 exf5 22.exf5 Nd5
23.Rg3 Bxd6 24.Rxg7+ Kxg7 25.e6+ f6 26.exd7 Ne7 27.Qe4 Rxd7 28.Qe6  1-0

[Event "ACT Open"]
[Site "Amsterdam NED"]
[Date "2004.07.19"]
[Round "3"]
[White "Wintzer,J"]
[Black "Slingerland,F"]
[Result "1/2-1/2"]
[WhiteElo "2341"]
[BlackElo "2252"]

1.c4 c6 2.e4 d5 3.exd5 cxd5 4.d4 Nf6 5.Nc3 Nc6 6.Bg5 dxc4 7.d5 Ne5 8.Qd4 Nd3+
9.Bxd3 cxd3 10.Nf3 e6 11.O-O-O Be7 12.Rxd3 exd5 13.Re1 Be6 14.Qa4+ Qd7 15.Qxd7+ Kxd7
16.Bxf6 Bxf6 17.Nxd5 Rac8+ 18.Kb1 Bxd5 19.Rxd5+ Kc6 20.Red1 b6 21.Ne5+  1/2-1/2

[Event "Open"]
[Site "Balatonlelle HUN"]
[Date "2004.07.19"]
[Round "1"]
[White "Nagy,Ervin1"]
[Black "Schlegl,O"]
[Result "0-1"]
[WhiteElo "2340"]
[BlackElo "2033"]

1.c4 c6 2.e3 Nf6 3.Nf3 e6 4.b3 d5 5.Bb2 Nbd7 6.Be2 Bd6 7.Nc3 O-O 8.d4 Re8
9.O-O b6 10.Qc2 Bb7 11.Rfd1 Rc8 12.e4 e5 13.dxe5 Bxe5 14.Nxe5 Nxe5 15.exd5 cxd5
16.Qf5 d4 17.Qf4 d3 18.Bf1 Nh5 19.Qf5 g6 20.Qh3 Qg5 21.Nd5 Bxd5 22.Bxe5 Qxe5
23.cxd5 Nf4 24.Qf3 Rc3 25.g3 Ne2+ 26.Kh1 d2 27.Bxe2 Rxf3 28.Bxf3 Qc3 29.Kg2 f5
30.Rab1 g5 31.h3 Re1 32.d6 Rxd1 33.Rxd1 Qd4 34.g4 f4 35.Bc6 Qxd6 36.Be4 Qd4
37.Kf3 h6 38.Bf5 Qc3+  0-1

[Event "Aegean Open"]
[Site "Agios Kirykos GRE"]
[Date "2004.07.20"]
[Round "9"]
[White "Topalidis,K"]
[Black "Kostouros,A"]
[Result "1/2-1/2"]
[WhiteElo "2140"]
[BlackElo "2217"]

1.c4 c6 2.Nf3 d5 3.cxd5 cxd5 4.g3 Nc6 5.Bg2 e5 6.d3 f5 7.O-O Nf6 8.Bg5 Be7
9.Nc3 Be6 10.Qa4 O-O 11.Qb5 Qd7 12.Bxf6 Bxf6 13.e4 a6 14.Qa4 b5 15.Qc2 fxe4
16.dxe4 d4 17.Nd5 Qd6 18.a4 Rac8 19.axb5 Nb4 20.Qb3 Nxd5 21.Nxd4 exd4 22.exd5 Bd7
23.bxa6 Rb8 24.Qa3 Be7 25.a7 Ra8 26.Qa6 Qxa6 27.Rxa6 Bb5 28.d6 Bxf1 29.dxe7 Bxa6
30.Bd5+ Kh8 31.exf8=Q+ Rxf8 32.a8=Q Rxa8 33.Bxa8 g5 34.f4 gxf4 35.gxf4 Kg7
36.Kf2 Kf6 37.Be4 h6 38.Ke1 Ke6 39.Kd2 Kd6 40.b4 Bb5 41.Bd3 Bd7 42.b5 Kc5
43.f5  1/2-1/2

[Event "XIII Open"]
[Site "Castellar del Valles ESP"]
[Date "2004.07.21"]
[Round "8"]
[White "Borges Mateos,J"]
[Black "Magem Badals,J"]
[Result "1/2-1/2"]
[WhiteElo "2456"]
[BlackElo "2504"]

1.c4 c6 2.d4 d5 3.Nf3 Nf6 4.e3 Bf5 5.Nc3 e6 6.Bd3 Bxd3 7.Qxd3 Bb4 8.Bd2 O-O
9.O-O a5 10.a3 Be7 11.e4 dxe4 12.Nxe4 Nxe4 13.Qxe4 Nd7 14.a4  1/2-1/2

[Event "ACT Open"]
[Site "Amsterdam NED"]
[Date "2004.07.22"]
[Round "6"]
[White "Bakker,S"]
[Black "Slingerland,F"]
[Result "1/2-1/2"]
[WhiteElo "2213"]
[BlackElo "2252"]

1.c4 c6 2.e4 d5 3.exd5 cxd5 4.cxd5 Nf6 5.Nc3 Nxd5 6.Nf3 Nc6 7.d4 Bg4 8.Qb3 Bxf3
9.gxf3 e6 10.Qxb7 Nxd4 11.Bb5+ Nxb5 12.Qc6+ Ke7 13.Qxb5 Nxc3 14.bxc3 Qd5
15.Bg5+ f6 16.Qxd5 exd5 17.Be3 Kd7 18.O-O Kc6 19.Rfd1 Bc5 20.c4 dxc4 21.Rac1 Rad8
22.Rxd8 Rxd8 23.Rxc4 Rd5 24.a4 Kd6 25.Kf1 Bxe3 26.fxe3 Rd2 27.h4 a5 28.h5 g6
29.hxg6 hxg6 30.Rg4 g5 31.f4 gxf4 32.Rxf4 Ke6 33.Ke1 Rb2 34.Kd1 Ra2 35.Rd4 f5
36.Ke1 Rg2 37.Kf1 Ra2  1/2-1/2

[Event "ACT Open"]
[Site "Amsterdam NED"]
[Date "2004.07.23"]
[Round "7"]
[White "Van der Elburg,F"]
[Black "Smeets,J"]
[Result "1-0"]
[WhiteElo "2223"]
[BlackElo "2545"]

1.c4 c6 2.g3 d5 3.Bg2 Nf6 4.Nf3 dxc4 5.Qc2 b5 6.b3 cxb3 7.axb3 e6 8.O-O Bb7
9.Ba3 b4 10.Bb2 c5 11.d4 Nbd7 12.Rd1 cxd4 13.Bxd4 a5 14.Bxf6 gxf6 15.Ne5 Rc8
16.Qb2 fxe5 17.Bxb7 Rc5 18.Bf3 Bh6 19.Nd2 f5 20.Nc4 Qc7 21.Rd6 Nf8 22.Rad1 Bg7
23.Qa2 e4 24.Qa4+ Ke7 25.Bh5 Bc3 26.Qe8+ Kf6 27.Rd7 Rxc4 28.Qf7+ Kg5 29.h4+ Kh6
30.Rxc7 Rxc7 31.Qxc7 Kxh5 32.Rd8 Kh6 33.Qf7 Bg7 34.f3 exf3 35.exf3 Ng6 36.Rxh8 Bxh8
37.Qxe6 f4 38.gxf4  1-0

[Event "ch-AUT"]
[Site "Hartberg AUT"]
[Date "2004.07.24"]
[Round "1"]
[White "Petschar,K"]
[Black "Bachofner,C"]
[Result "1-0"]
[WhiteElo "2289"]
[BlackElo "2163"]

1.c4 c6 2.e4 e5 3.Nf3 Qa5 4.Nc3 Nf6 5.Be2 Bb4 6.O-O Bxc3 7.dxc3 Nxe4 8.Bd3 d5
9.Nxe5 Be6 10.Re1 Nf6 11.cxd5 cxd5 12.Bg5 Nbd7 13.Nxd7 Nxd7 14.Qh5 Qb6 15.a4 a6
16.b4 Rc8 17.Be3 Qd6 18.Bd4 Kf8 19.Re3 f6 20.Rae1 Bf7 21.Qh3 Rc7 22.Bf5 h5
23.g3 Kg8 24.Be6 Nf8 25.Bc5 Qc6 26.Bxf7+ Rxf7 27.a5 h4 28.Qg2 hxg3 29.fxg3 Rh5
30.Re8 f5 31.R1e5 Qh6 32.Be3 f4 33.Bxf4 Qg6 34.Rxh5 Qxh5 35.Re5 Qd1+ 36.Qf1 Qxf1+
37.Kxf1 Ng6 38.Rxd5 Nxf4 39.gxf4 Rxf4+ 40.Ke2 Rh4 41.Rd7 Rxh2+ 42.Kd3 Rh3+
43.Kc4 Rh4+ 44.Kc5 Rh5+ 45.Kb6 Rb5+ 46.Ka7 g5 47.Rxb7 Rxb7+ 48.Kxb7 g4 49.b5 g3
50.bxa6 g2 51.a7 g1=Q 52.a8=Q+ Kh7 53.Qa7 Qg2+ 54.Ka6+ Kh6 55.c4 Qe2 56.Qb6+ Kh5
57.Qc6 Qf1 58.Kb7 Qf7+ 59.Kb6 Kh4 60.a6 Qf2+ 61.c5 Qb2+ 62.Qb5 Qf6+ 63.c6 Qd4+
64.Qc5 Qb2+ 65.Ka7 Qg7+ 66.c7 Qf7 67.Qc6 Qf2+ 68.Ka8 Kh3  1-0

[Event "ch-AUT"]
[Site "Hartberg AUT"]
[Date "2004.07.24"]
[Round "1"]
[White "Fahrner,K"]
[Black "Wallis,A"]
[Result "0-1"]
[WhiteElo "2342"]
[BlackElo "2177"]

1.c4 c6 2.Nf3 d5 3.b3 Nf6 4.g3 Bf5 5.Bg2 e6 6.O-O Nbd7 7.d3 Bc5 8.Na3 Qe7
9.Nc2 h6 10.Rb1 a5 11.Bb2 O-O 12.Qd2 Bh7 13.Bc3 e5 14.a3 Bb6 15.b4 axb4 16.Rxb4 d4
17.Ba1 Ba5 18.Rfb1 c5 19.e3 dxe3 20.Nxe3 cxb4 21.axb4 Bxb4 22.Rxb4 Rxa1+
23.Bf1 e4 24.Nd4 Nc5 25.Rb5 exd3 26.Qb2 Ra4 27.Ndf5 Bxf5 28.Nxf5 Qe1 29.Rxc5 Ra1
30.Rd5 Qxf1+  0-1

[Event "ch-AUT"]
[Site "Hartberg AUT"]
[Date "2004.07.24"]
[Round "1"]
[White "Wiedner,R"]
[Black "Freitag,M"]
[Result "1/2-1/2"]
[WhiteElo "2214"]
[BlackElo "2397"]

1.c4 c6 2.b3 d5 3.Bb2 Bf5 4.Nf3 e6 5.e3 Nd7 6.Be2 h6 7.O-O Ngf6 8.cxd5 cxd5
9.d3 Bc5 10.Nbd2 O-O 11.Qc2 Rc8 12.Rfc1 Qb6 13.Qd1 Rfe8 14.Nf1 a5 15.a4 Bg6
16.h3 Bd6 17.Nd4 e5 18.Nb5 Bb4 19.d4 e4 20.Ba3 Bxa3 21.Nxa3 Qb4 22.Nb5 Rc6
23.Na7 Rb6 24.Nd2 Ra8 25.Rc8+ Rxc8 26.Nxc8 Rc6 27.Na7 Rc3 28.Rc1 Nb8 29.Nb5 Rc6
30.Rc2 Bf5 31.Na7 Rxc2 32.Qxc2 Nc6 33.Nb5 Be6 34.Qc3 Qxc3 35.Nxc3 Kf8 36.Na2 Ke7
37.Bb5 Na7 38.Be2 Bd7 39.Nc3 Kd6 40.Ndb1 Ne8 41.Na3 Nc7 42.h4 g5 43.hxg5 hxg5
44.Kf1 f5 45.g3 f4 46.gxf4 gxf4 47.Kg1 f3 48.Bf1 Ke7 49.Kh2 Kf6 50.Kg3 Kg5
51.Nc2 Nc8 52.Bh3 Bxh3 53.Kxh3 Ne7 54.b4 b6 55.bxa5 bxa5 56.Na3 Na6 57.Nab5 Nb4
58.Nd6 Nd3 59.Kg3 Kf6 60.Nd1 Ke6 61.Nb7 Nc6  1/2-1/2

[Event "IM"]
[Site "Balatonlelle HUN"]
[Date "2004.07.25"]
[Round "7"]
[White "Titz,Hei"]
[Black "Hardicsay,P"]
[Result "1/2-1/2"]
[WhiteElo "2217"]
[BlackElo "2307"]

1.c4 c6 2.Nf3 d5 3.e3 Nf6 4.Nc3 e6 5.b3 Nbd7 6.Bb2 Bd6 7.d4 Qe7 8.Bd3 dxc4
9.bxc4 e5 10.Qc2 exd4 11.Nxd4 Ne5 12.Be2 Ba3 13.Bxa3 Qxa3 14.O-O O-O 15.Rfd1 Qe7
16.h3 h6 17.Ne4 Nxe4 18.Qxe4 f5 19.Qc2 f4 20.Qe4 Qf6 21.exf4 Qxf4 22.Qxf4 Rxf4
23.g3 Rf6 24.f4 Nf7 25.Kg2 g5 26.fxg5 Nxg5 27.g4 Bd7 28.Bd3 c5 29.Nf5 Ba4
30.Re1 Rd8 31.Re3 Kf8 32.Rae1 Re8 33.Kg3 Rxe3+ 34.Rxe3 Bd7 35.h4 Nf7 36.Ne7 Re6
37.Rxe6 Bxe6 38.Ng6+ Kg7 39.Nf4 Bd7 40.Nd5 Bxg4 41.Kxg4 Ne5+ 42.Kf5 Nxd3
43.Nf6 Nb2 44.Ne8+ Kh7 45.Nd6 b6 46.h5 Kg7 47.Ke6 Nd3 48.Nc8 Nf4+ 49.Kf5 Nxh5
50.Nxa7 Ng3+ 51.Kf4 Ne2+ 52.Ke3 Nc3 53.Nc8 Nxa2 54.Nxb6 Nc1 55.Nd7 Nb3 56.Kf4 Kg6
57.Kg4 h5+ 58.Kh4 Kh6 59.Nf8 Nd2 60.Nd7 Ne4 61.Ne5 Nd6 62.Nd3  1/2-1/2

[Event "Politiken Cup"]
[Site "Copenhagen DEN"]
[Date "2004.07.25"]
[Round "2"]
[White "Johannessen,LE"]
[Black "Dignam,M"]
[Result "1-0"]
[WhiteElo "2538"]
[BlackElo "2144"]

1.c4 c6 2.e4 d5 3.exd5 cxd5 4.cxd5 Qxd5 5.Nc3 Qa5 6.Nf3 Nf6 7.Bc4 e6 8.O-O a6
9.d4 Bd6 10.d5 e5 11.Nxe5 Bxe5 12.Qe2 Nbd7 13.f4 Qc7 14.fxe5 Qxe5 15.Qxe5+ Nxe5
16.Re1 Nd7 17.Bf4 f6 18.d6 b5 19.Be6 Kd8 20.Nd5 Nd3 21.Bd2 a5 22.Nc7 Rb8
23.Bxa5 Nxe1 24.Na6+ Rb6 25.Nc5 Nc2 26.Rc1 Nd4 27.Bxd7 Bxd7 28.Bxb6+ Kc8
29.Nxd7+  1-0

[Event "Politiken Cup"]
[Site "Copenhagen DEN"]
[Date "2004.07.25"]
[Round "3"]
[White "Gaspariants,G"]
[Black "Andersen,Ru"]
[Result "1/2-1/2"]
[WhiteElo "2293"]
[BlackElo "2042"]

1.c4 c6 2.Nf3 d5 3.e3 Nf6 4.b3 Bg4 5.h3 Bh5 6.Ba3 Nbd7 7.cxd5 cxd5 8.Be2 h6
9.O-O g5 10.Bb2 Bg7 11.Ne5 Nxe5 12.Bxe5 Bxe2 13.Qxe2 Nh5 14.Bxg7 Nxg7 15.Nc3 Qd7
16.Qd3 e6 17.Rac1 O-O 18.f4 f5 19.Nb5 a6 20.Nd4  1/2-1/2

[Event "ch-AUT"]
[Site "Hartberg AUT"]
[Date "2004.07.25"]
[Round "2"]
[White "Schroll,G"]
[Black "Kwatschewsky,L"]
[Result "1/2-1/2"]
[WhiteElo "2367"]
[BlackElo "2255"]

1.c4 c6 2.Nf3 Nf6 3.Nc3 d5 4.e3 g6 5.Qb3 Bg7 6.cxd5 Nxd5 7.Bc4 e6 8.d4 O-O
9.O-O Nd7 10.Rd1 Qb6 11.Qc2 Re8 12.Bd2 Nxc3 13.Bxc3 Qd8 14.b4 Qe7 15.Qb3 Nb6
16.Bd3 Rd8 17.e4 Bd7 18.a4 Rac8 19.Bd2 h6 20.Be3 Be8 21.Rd2 Kh7 22.Rb1 Nd7
23.Rc2 f5 24.Rbc1 Nf6 25.e5 Nd5 26.Bd2 a6 27.h4 Bf8 28.b5 axb5 29.axb5 Ra8  1/2-1/2

[Event "ch-AUT"]
[Site "Hartberg AUT"]
[Date "2004.07.25"]
[Round "2"]
[White "Hermann,Jo"]
[Black "Fahrner,K"]
[Result "1-0"]
[WhiteElo "2168"]
[BlackElo "2342"]

1.c4 c6 2.Nc3 d5 3.d4 Nf6 4.Nf3 dxc4 5.e3 b5 6.a4 b4 7.Na2 e6 8.Bxc4 Nbd7
9.Bd2 Qb6 10.a5 Qxa5 11.Nxb4 Qb6 12.Nd3 c5 13.O-O cxd4 14.Nxd4 Be7 15.Ba5 Qb7
16.Bb5 Qb8 17.Nb4 Bxb4 18.Bxb4 a6 19.Bc6 Bb7 20.Rc1 h5 21.e4 Bxc6 22.Nxc6 Qf4
23.g3 Qxe4 24.Qd6 Nd5 25.Rfe1 Qf5 26.Nd4 Qd3 27.Qxd5 Rd8 28.Rxe6+  1-0

[Event "ch-AUT"]
[Site "Hartberg AUT"]
[Date "2004.07.26"]
[Round "3"]
[White "Beck,H"]
[Black "Pilaj,H"]
[Result "0-1"]
[WhiteElo "2279"]
[BlackElo "2425"]

1.c4 c6 2.d4 d5 3.cxd5 cxd5 4.Nc3 Nf6 5.Nf3 Nc6 6.Bf4 a6 7.Ne5 e6 8.a3 Nd7
9.Nxd7 Bxd7 10.e3 g5 11.Bg3 h5 12.h4 g4 13.Bd3 Bg7 14.Rc1 Qe7 15.Na4 O-O
16.Nc5 Be8 17.Qb3 b5 18.Bb1 f5 19.Nd3 Bf6 20.Nf4 Rc8 21.Rc3 Bf7 22.Qc2 Na7
23.Nd3 Rxc3 24.Qxc3 Rc8 25.Nc5 e5 26.O-O f4 27.Bh2 Bxh4 28.Qc2 Be8 29.exf4 e4
30.Ba2 Bf7 31.Qd2 e3 32.Qd3 Bxf2+ 33.Rxf2 exf2+ 34.Kxf2 Re8 35.Qd2 Nc6 36.Nd3 h4
37.Bg1 Qe4 38.Kf1 h3 39.Ne5 Nxe5 40.fxe5 Rf8 41.Qe2 Qf4+  0-1

[Event "ch-AUT"]
[Site "Hartberg AUT"]
[Date "2004.07.26"]
[Round "3"]
[White "Titz,Hei"]
[Black "Mueller,Ro"]
[Result "0-1"]
[WhiteElo "2217"]
[BlackElo "2097"]

1.c4 c6 2.Nf3 d5 3.e3 Nf6 4.Nc3 a6 5.Qc2 g6 6.b3 Bg7 7.d4 Bf5 8.Bd3 Bxd3
9.Qxd3 Nbd7 10.O-O O-O 11.Bb2 Qb8 12.cxd5 cxd5 13.Rac1 Qd6 14.Rc2 Rac8 15.Rfc1 Kh8
16.h3 h6 17.Nb5 Qb8 18.Nc7 Rfd8 19.Ne5 Nxe5 20.dxe5 Nh7 21.f4 e6 22.Ba3 Bf8
23.Bxf8 Nxf8 24.Qd4 Nd7 25.Kh2 Kg8 26.a4 a5 27.Kg3 b6 28.Nb5 Rxc2 29.Rxc2 Rc8
30.Rc3 Rc5 31.b4 axb4 32.Qxb4 Qc8 33.Kf3 Qc6 34.Nd4 Qc7 35.Nb5 Qc6 36.Nd4 Qc8
37.Rb3 Rc1 38.Rb1 Rxb1 39.Qxb1 Qc4 40.Qb5 Nc5 41.Kg3 Qc3 42.Kf3 Qe1 43.Qe8+ Kg7
44.Qe7 Qd1+ 45.Kg3 Qxa4 46.Qf6+ Kg8 47.Qd8+ Kh7 48.Qxb6 Qa3 49.Kf3 Ne4 50.Qc7 Kg8
51.Qc8+ Kg7 52.Nxe6+ fxe6 53.Qd7+ Kf8 54.Qxe6 Qb3 55.Qxg6 Qd1+  0-1

[Event "12th Open"]
[Site "St Affrique FRA"]
[Date "2004.07.26"]
[Round "4"]
[White "Guidarelli,L"]
[Black "Boudre,JP"]
[Result "1/2-1/2"]
[WhiteElo "2445"]
[BlackElo "2352"]

1.c4 c6 2.e4 d5 3.exd5 cxd5 4.d4 Nf6 5.Nc3 Nc6 6.Bg5 e6 7.Nf3 Be7 8.a3 O-O
9.Bd3 dxc4 10.Bxc4 Nd5 11.Bxe7 Ncxe7 12.O-O b6 13.Ne4 Bb7 14.Re1 Rc8 15.Bd3 Nf5
16.Qd2  1/2-1/2

[Event "ch-AUT"]
[Site "Hartberg AUT"]
[Date "2004.07.27"]
[Round "4"]
[White "Schwaninger,W"]
[Black "Wallis,A"]
[Result "1/2-1/2"]
[WhiteElo "2255"]
[BlackElo "2177"]

1.c4 c6 2.d4 d5 3.e3 Nf6 4.Nf3 a6 5.Bd3 Bg4 6.h3 Bh5 7.Nbd2 e6 8.Qc2 Nbd7
9.a3 b5 10.b3 Bd6 11.O-O O-O 12.Bb2 Rc8 13.c5 Bb8 14.b4 Qe7 15.Ne5 Bg6 16.Nxg6 hxg6
17.f4 Ne8 18.Nf3 f5 19.g4 Nef6 20.Qg2 Nh7 21.g5 Kf7 22.a4 Rc7 23.axb5 axb5
24.Ra6 Rfc8 25.Rfa1 Rb7 26.Bc3 Qd8 27.R1a2 Rcc7 28.h4 Nhf8 29.Qh3 Qe8 30.Rg2 Ra7
31.Ra5 Rcb7 32.h5 Bc7 33.Rxa7 Rxa7 34.h6 Ra3 35.Rc2 Nh7 36.Be2 Ndf8 37.Kf2 Kg8
38.hxg7 Kxg7 39.Qh6+ Kg8 40.Nh4 Qf7 41.Nf3 Qe8 42.Ke1 Ra4 43.Kd2 Qa8 44.Bd3 Ra2
45.Nh4 Rxc2+ 46.Bxc2 Qe8 47.Kc1 Qf7 48.Nf3 Qe8 49.Kb2 Nd7 50.Bd3 Nhf8 51.Be2 Qa8
52.Nd2 Qe8 53.Qh1 Qa8 54.Nb3 Qa7 55.Na5 Bxa5 56.bxa5 Nb8 57.Bb4 Na6 58.Kb3 Qh7
59.Qxh7+ Nxh7 60.Bxb5 cxb5 61.c6 Kf7 62.Bd6 Ke8 63.Kc3 Kd8 64.Kb3 Kc8 65.Ka3 Nf8
66.Bxf8  1/2-1/2

[Event "7th Open"]
[Site "Korinthos GRE"]
[Date "2004.07.27"]
[Round "7"]
[White "Mastrovasilis,A"]
[Black "Skaperdas,K"]
[Result "1/2-1/2"]
[WhiteElo "2488"]
[BlackElo "2217"]

1.c4 c6 2.e4 e5 3.Nf3 Nf6 4.Nc3 Qc7 5.Be2 Bb4 6.Qc2 O-O 7.a3 Bxc3 8.dxc3 d5
9.cxd5 cxd5 10.exd5 Nxd5 11.Ng5 g6 12.Ne4 Nf4 13.Bxf4 exf4 14.O-O-O Bf5 15.Bd3 Bxe4
16.Bxe4 Nd7 17.Rd4 Rad8 18.Rhd1 Nc5 19.Bd5 a5 20.a4 Rd7 21.Kb1 Rfd8 22.Ka2 Qe5
23.Qd2 Ne6 24.Re1 Qf6 25.Bxe6 Rxd4 26.cxd4 fxe6 27.Qxa5 Qxd4 28.Qb5 Ra8 29.a5 b6
30.a6 Qd5+ 31.Qxd5 exd5 32.b4 Rxa6+ 33.Kb3 Kf7 34.Re5 Ra1 35.Rxd5 Ke6 36.Rd2 b5
37.Re2+ Kd6 38.Re4 g5 39.h4 h6 40.hxg5 hxg5 41.g3 Rf1 42.gxf4 Rxf2 43.Rd4+ Kc6
44.fxg5 Rg2  1/2-1/2

[Event "Open Dutch Champ"]
[Site "Dieren NED"]
[Date "2004.07.28"]
[Round "2"]
[White "Gouw,C"]
[Black "Sminia,J"]
[Result "1-0"]
[WhiteElo "2189"]
[BlackElo "2103"]

1.c4 c6 2.Nf3 d5 3.g3 Nd7 4.cxd5 cxd5 5.Bg2 Ngf6 6.O-O g6 7.Nc3 Bg7 8.Qb3 Nb6
9.a4 O-O 10.d3 d4 11.Nb5 Be6 12.Qa3 Ne8 13.a5 Nc8 14.a6 bxa6 15.Nbxd4 Bd5
16.e4 Bb7 17.Be3 Ned6 18.Rac1 Nb5 19.Qb4 Ncd6 20.Rc2 Rb8 21.Qa4 Qe8 22.Qa2 Kh8
23.Rfc1 Qd7 24.Nb3 e5 25.Nc5 Qe7 26.Nxa6 Rbc8 27.Nc5 Ba8 28.b4 h6 29.Bh3 f5
30.Nh4 Rf6 31.Qa5 Rcf8 32.exf5 gxf5 33.Bxf5 Nxf5 34.Nxf5 Rxf5 35.Qxb5 e4
36.Qd7 Qe5 37.Ne6 R8f7 38.Rc8+ Kh7 39.Qe8 Bd5 40.Qg8+ Kg6 41.Nf4+ Rxf4 42.gxf4 Qf5
43.d4 Rf6 44.Qe8+ Kh7 45.R8c5 Rg6+ 46.Kf1 Qh3+ 47.Ke2 Be6 48.Rc6 Qh5+ 49.Kd2 Qb5
50.Qxg6+ Kxg6 51.Rxe6+ Kf7 52.Rxe4 Qxb4+ 53.Ke2 Qb7 54.f3 a5 55.Rc5 Qb2+
56.Bd2 Bxd4 57.Rxa5 Bc3 58.Rf5+ Kg6 59.Rd5 Bxd2 60.Rxd2 Qb5+ 61.Kf2 Qc5+
62.Kg2 Kf7 63.Rde2 Qc3 64.h4 h5 65.Re5 Qd3 66.Kg3 Qd1 67.Re1 Qd2 68.f5 Qc3
69.Kf4 Qd2+ 70.R1e3 Qg2 71.Re7+ Kf8 72.f6 Qh2+ 73.Kg5 Qg2+ 74.Kxh5 Qg3 75.Ra3 Qb8
76.Raa7 Qb5+ 77.Kh6 Qd5 78.Rf7+ Kg8 79.Rg7+ Kf8 80.Rgd7  1-0

[Event "Politiken Cup"]
[Site "Copenhagen DEN"]
[Date "2004.07.30"]
[Round "8"]
[White "Forsaa,E"]
[Black "Dignam,M"]
[Result "1-0"]
[WhiteElo "2027"]
[BlackElo "2144"]

1.c4 c6 2.d4 d5 3.Nf3 Nf6 4.Nc3 a6 5.a4 e6 6.Bg5 Be7 7.e3 a5 8.Be2 O-O 9.O-O Na6
10.Qb3 Nb4 11.Rfd1 Re8 12.Ne5 Nd7 13.Bxe7 Qxe7 14.Nd3 dxc4 15.Qxc4 Nxd3 16.Bxd3 Nb6
17.Qb3 Nd5 18.Nxd5 exd5 19.Qb6 h5 20.Rac1 h4 21.h3 Kh8 22.Rc5 g5 23.Rxd5 g4
24.Re5 Be6 25.hxg4 Kg7 26.Qc5 Qxc5 27.Rxc5 Kf6 28.f3 Bb3 29.Re1 Bxa4 30.Rf5+ Kg7
31.Bc4 Re7 32.b3 Bb5 33.Bxb5 cxb5 34.Rxb5 a4 35.bxa4 Rxa4 36.Kf2 Ra2+ 37.Re2 Ra1
38.Reb2 Rc7 39.e4 Rcc1 40.Ke3 Ra3+ 41.R5b3 Rxb3+ 42.Rxb3 Rc2 43.Rxb7 Rxg2
44.Rb5 h3 45.Rh5 h2 46.d5 Kf6 47.Kf4 Ke7 48.Kf5 Rf2 49.f4 f6 50.Rh7+ Kd6
51.Rh6 Ke7 52.g5 fxg5 53.Kxg5 Rd2 54.Kg4 Kf7 55.Kg3 Rd3+ 56.Kxh2 Rf3 57.f5 Re3
58.Re6 Rd3 59.Kg2 Ra3 60.Kf2 Rb3 61.Ke2 Ra3 62.d6  1-0

[Event "Open Dutch Champ"]
[Site "Dieren NED"]
[Date "2004.07.30"]
[Round "4"]
[White "Wilschut,P"]
[Black "Sminia,J"]
[Result "1/2-1/2"]
[WhiteElo "2133"]
[BlackElo "2103"]

1.c4 c6 2.g3 d5 3.Bg2 Nf6 4.Nf3 Bf5 5.cxd5 cxd5 6.Qb3 Qb6 7.Qxb6 axb6 8.Nc3 Nc6
9.d3 e5 10.O-O Bc5 11.Bg5 Be6 12.a3 h6 13.Bxf6 gxf6 14.Nd2 Rd8 15.Rac1 O-O
16.Na4 Nd4 17.Rfe1 Be7 18.e3 Nc6 19.Nxb6 Kg7 20.Na4 Bf5 21.Bf1 h5 22.h4 Kh6
23.Nc5 Bc8 24.Kh2 f5 25.Bh3 Rg8 26.Nf3 f6 27.b4 Bd6 28.e4 Bxc5 29.Rxc5 fxe4
30.dxe4 Bxh3 31.Kxh3 d4 32.Rec1 Rd7 33.b5 Na5 34.Nd2 Rgd8 35.a4 Kg6 36.f4 b6
37.Rc7 d3 38.Kg2 Rxc7 39.Rxc7 Rd4 40.f5+ Kh6 41.Kf3 Nb3 42.Nxb3 d2 43.Nxd2 Rd3+
44.Ke2 Rxd2+ 45.Ke1 Rd1+ 46.Kxd1  1/2-1/2

[Event "Open"]
[Site "Davos SUI"]
[Date "2004.07.31"]
[Round "1"]
[White "Fischer,L"]
[Black "Sedina,E"]
[Result "0-1"]
[WhiteElo "2138"]
[BlackElo "2396"]

1.c4 c6 2.e4 d5 3.exd5 Nf6 4.d4 cxd5 5.Nc3 g6 6.Qb3 Bg7 7.cxd5 O-O 8.Nf3 Nbd7
9.d6 exd6 10.Be2 Nb6 11.O-O Be6 12.Qd1 Rc8 13.Bg5 h6 14.Bxf6 Bxf6 15.Rc1 Nd5
16.Ne4 Bg7 17.Rxc8 Bxc8 18.Qd2 Re8 19.Ng3 a6 20.Bc4 Nf6 21.h3 b5 22.Bb3 Bb7
23.d5 Ne4 24.Nxe4 Rxe4 25.Bc2 Re8 26.Re1 Rxe1+ 27.Nxe1 Qc7 28.b4 Qc3 29.Qxc3 Bxc3
30.Nd3 Bxd5 31.a4 bxa4 32.Bxa4 Bc4  0-1

[Event "Open"]
[Site "Davos SUI"]
[Date "2004.08.01"]
[Round "2"]
[White "Turner,Ma"]
[Black "Curien,N"]
[Result "1/2-1/2"]
[WhiteElo "2491"]
[BlackElo "2218"]

1.c4 c6 2.d4 d5 3.Nf3 e6 4.e3 Nf6 5.Nbd2 c5 6.dxc5 Bxc5 7.a3 a5 8.Qc2 Bb6
9.Bd3 Nc6 10.O-O O-O 11.b3 d4 12.exd4 Nxd4 13.Nxd4 Bxd4 14.Rb1 h6 15.Nf3 Bc5
16.b4 axb4 17.axb4 Be7 18.Bf4 Bd7 19.Ne5 Qc8 20.Bg3 Rd8 21.Qe2 Ra4 22.b5 Be8
23.Ra1 Rxa1 24.Rxa1 Qc5 25.Rd1 Ra8 26.Qf3 Qb6 27.h3 Ra3 28.c5 Qxc5 29.Qxb7 Bd6
30.Nd7 Qh5 31.Nxf6+ gxf6 32.Qf3 Qxf3 33.gxf3 Bxg3 34.fxg3 Rb3 35.Bc2 Rb2
36.Rd8 Rxc2 37.Rxe8+ Kg7 38.b6 Rb2 39.Rb8 Kh7 40.Kf1 Kg7 41.Ke1 f5 42.Kd1 f4
43.g4 Kf6 44.Kc1 Rb5 45.b7 Kg7 46.Kc2 f6 47.Kc3 e5 48.Kc4 Rb1 49.Kd5 Rd1+
50.Ke6 Rb1 51.Kf5 Rb2 52.h4 Rb5 53.Ke4 Rb1 54.Kd5 Rd1+ 55.Ke6 Rb1 56.g5 fxg5
57.hxg5 hxg5 58.Kf5 Rb5 59.Kg4 Kh7 60.Re8 Rxb7 61.Rxe5 Rg7 62.Rxg5 Rxg5+
63.Kxg5 Kg7 64.Kf5 Kf7 65.Ke4 Ke6 66.Kxf4  1/2-1/2

[Event "9th Open"]
[Site "Creon FRA"]
[Date "2004.08.02"]
[Round "1"]
[White "Nevednichy,V"]
[Black "Morel,J"]
[Result "1-0"]
[WhiteElo "2538"]
[BlackElo "2050"]

1.c4 c6 2.e4 d5 3.cxd5 cxd5 4.exd5 Nf6 5.Nc3 Nxd5 6.Nf3 Nc6 7.Bb5 a6 8.Bxc6+ bxc6
9.O-O e6 10.d4 Bd6 11.Qa4 Bd7 12.Ne4 Bc7 13.Nc5 O-O 14.Bd2 Qe7 15.Rac1 Nb6
16.Qc2 Rfc8 17.Rfe1 Bd6 18.Ng5 g6 19.Nge4 Nd5 20.Bg5 f6 21.Nxf6+ Nxf6 22.Bxf6 Qxf6
23.Nxd7 Qd8 24.Nc5 Qh4 25.g3 Qxd4 26.Nxe6 Qf6 27.Qc4 Kh8 28.Rcd1 Be5 29.b3 Ra7
30.Qc5 Bb8 31.Ng5 Rg7 32.Re6 Qb2 33.Rxc6 Rcg8 34.Rc8 h6 35.Rxg8+ Rxg8 36.Nf7+ Kh7
37.Qe7 Rg7 38.Qf8 g5 39.Qh8+ Kg6 40.Qxh6+ Kxf7 41.Rd7+ Kg8 42.Rd8+ Kf7 43.Qh5+ Kf6
44.Rxb8 Qc1+ 45.Kg2 Qc5 46.Qf3+ Kg6 47.Qe4+ Kf6 48.b4 Qd6 49.Rc8 Qd7 50.Rc6+ Kf7
51.Rb6 Qc8 52.Qb7+  1-0

[Event "Open"]
[Site "Charleroi BEL"]
[Date "2004.08.04"]
[Round "6"]
[White "Foisor,C"]
[Black "Mohandesi,S"]
[Result "1-0"]
[WhiteElo "2438"]
[BlackElo "2312"]

1.c4 c6 2.Nc3 d5 3.e3 Nf6 4.Nf3 Qb6 5.d4 Bf5 6.Be2 e6 7.O-O Nbd7 8.Nh4 Bg6
9.f4 Be4 10.Nxe4 Nxe4 11.Nf3 Be7 12.Bd3 f5 13.c5 Qc7 14.Bd2 O-O 15.Be1 Qd8
16.Rc1 Kh8 17.Rc2 Rg8 18.b4 g5 19.fxg5 Nxg5 20.Bg3 Rg7 21.b5 Bf6 22.Nxg5 Bxg5
23.Qf3 Bh4 24.Bd6 Nf8 25.bxc6 bxc6 26.Rb1 Ng6 27.Rcb2 Qf6 28.Kh1 Qf7 29.Ba6 Rd8
30.Rb7 Qe8 31.g3 Bf6 32.Qh5 Rxb7 33.Rxb7 Rd7 34.Rb3 Kg7 35.Rb8 Rd8 36.Rb2 Rd7
37.g4 fxg4 38.Qxg4 Rf7 39.Rb8 Qd7 40.Bc8 Qd8 41.Bxe6 Qa5 42.Bxf7 Qe1+ 43.Qg1 Qe2
44.Bxd5 cxd5 45.h3 Kh6 46.Bf8+ Bg7 47.Bxg7+ Kxg7 48.Rb7+ Kh6 49.Rf7 Qc2 50.h4 Qe4+
51.Qg2 Qb1+ 52.Kh2  1-0

[Event "ch-Arab"]
[Site "Dubai UAE"]
[Date "2004.08.04"]
[Round "2"]
[White "Taleb,M"]
[Black "Tissir,M"]
[Result "1-0"]
[WhiteElo "2464"]
[BlackElo "2416"]

1.c4 c6 2.e4 d5 3.exd5 cxd5 4.cxd5 Nf6 5.Nc3 g6 6.Nf3 Bg7 7.d4 O-O 8.Bc4 Na6
9.O-O Nc7 10.Bg5 Ncxd5 11.Re1 b6 12.Ne5 Nxc3 13.bxc3 Bb7 14.Qb3 Nd5 15.Bb5 Rc8
16.c4 Nf6 17.d5 Qc7 18.Rad1 Rfd8 19.Qf3 a6 20.Bc6 Bxc6 21.Nxc6 Rd7 22.Qa3 Re8
23.Bxf6 Bxf6 24.Qxa6 Bc3 25.Rf1 e6 26.Qa3 Bf6 27.Qf3 Kg7 28.Rd3 exd5 29.cxd5 Ra8
30.a3 Ra4 31.g3 Rc4 32.Rfd1 Qd6 33.Rb3 Rc5 34.Kg2 h5 35.Qe4 Rc2 36.Rf3 h4
37.Qxc2  1-0